Four theories of the press : (Record no. 9712)

MARC details
000 -LEADER
fixed length control field 02167cam a2200421 a 4500
001 - CONTROL NUMBER
control field 2917661
003 - CONTROL NUMBER IDENTIFIER
control field OCoLC
005 - DATE AND TIME OF LATEST TRANSACTION
control field 20230825111452.0
008 - FIXED-LENGTH DATA ELEMENTS--GENERAL INFORMATION
fixed length control field 770426r19631956ilu b 000 0 eng c
010 ## - LIBRARY OF CONGRESS CONTROL NUMBER
Canceled/invalid LC control number 56011881
020 ## - INTERNATIONAL STANDARD BOOK NUMBER
International Standard Book Number 0252724216
International Standard Book Number 9780252724213
035 ## - SYSTEM CONTROL NUMBER
System control number (OCoLC)2917661
Canceled/invalid control number (OCoLC)70308339
-- (OCoLC)213823572
-- (OCoLC)220394369
040 ## - CATALOGING SOURCE
Original cataloging agency CSU
Transcribing agency CSU
Modifying agency OCL
-- SLU
-- IQU
-- EL$
-- OCLCG
-- OCLCA
-- YOM
-- UAB
-- AU@
-- DEBBG
-- LEC
042 ## - AUTHENTICATION CODE
Authentication code pcc
049 ## - LOCAL HOLDINGS (OCLC)
Holding library LECC
050 #4 - LIBRARY OF CONGRESS CALL NUMBER
Classification number PN4731
Item number .S49 1963
082 #4 - DEWEY DECIMAL CLASSIFICATION NUMBER
Classification number 070.1
092 ## - LOCALLY ASSIGNED DEWEY CALL NUMBER (OCLC)
Classification number 070.1
Item number Si15 F82
Classification number 070.1
Item number Si15 F82
100 1# - MAIN ENTRY--PERSONAL NAME
Personal name Siebert, Fred S.
Fuller form of name (Fred Seaton),
Dates associated with a name 1902?-1982.
245 10 - TITLE STATEMENT
Title Four theories of the press :
Remainder of title the authoritarian, libertarian, social responsibility, and Soviet communist concepts of what the press should be and do /
Statement of responsibility, etc. Fred S. Siebert, Theodore Peterson, Wilbur Schramm.
260 ## - PUBLICATION, DISTRIBUTION, ETC.
Place of publication, distribution, etc. Urbana :
Name of publisher, distributor, etc. University of Illinois Press,
Date of publication, distribution, etc. 1963.
300 ## - PHYSICAL DESCRIPTION
Extent 153 p. ;
Dimensions 22 cm.
490 0# - SERIES STATEMENT
Series statement Illini book
500 ## - GENERAL NOTE
General note "These essays were prepared in connection with a study of the social responsibilities of mass communicators which Dr. Schramm is conducting for the Department of the Church and Economic Life of the National Council of Churches"--Leaf following t.p.
General note "Originally published in a clothbound edition, 1956"--T.p. verso.
504 ## - BIBLIOGRAPHY, ETC. NOTE
Bibliography, etc. note Includes bibliographical references (p. [147]-153).
505 0# - FORMATTED CONTENTS NOTE
Formatted contents note The authoritarian theory / Fred S. Siebert -- The libertarian theory / Fred S. Siebert -- The social responsibility theory / Theodore Peterson -- The Soviet communist theory / Wilbur Schramm.
520 ## - SUMMARY, ETC.
Summary, etc. "Essays prepared in connection with a study of the social responsibilities of mass communicators, being conducted for the Department of the Church and Economic Life of the National Council of Churches."
650 #0 - SUBJECT ADDED ENTRY--TOPICAL TERM
Topical term or geographic name entry element Press.
Topical term or geographic name entry element Journalism.
Topical term or geographic name entry element Communication.
700 1# - ADDED ENTRY--PERSONAL NAME
Personal name Peterson, Theodore,
Dates associated with a name 1918-
Personal name Schramm, Wilbur,
Dates associated with a name 1907-1987.
710 2# - ADDED ENTRY--CORPORATE NAME
Corporate name or jurisdiction name as entry element National Council of the Churches of Christ in the United States of America.
Subordinate unit Dept. of the Church and Economic Life.
942 ## - ADDED ENTRY ELEMENTS (KOHA)
Source of classification or shelving scheme Dewey Decimal Classification
Koha item type Main
Holdings
Withdrawn status Lost status Source of classification or shelving scheme Damaged status Not for loan Collection code Home library Current library Shelving location Date acquired Serial Enumeration / chronology Full call number Barcode Date last seen Price effective from Koha item type
    Dewey Decimal Classification     Main TEST RTC Library RTC Library Main opac 25/08/2023 177895 070.1 SIE c.1 30018927 25/08/2023 25/08/2023 Main
    Dewey Decimal Classification     Main TEST RTC Library RTC Library Main opac 25/08/2023 177897 070.1 SIE c.2 30018935 25/08/2023 25/08/2023 Main
    Dewey Decimal Classification     Main TEST RTC Library RTC Library Main opac 25/08/2023 177896 070.1 SIE c.3 30018907 25/08/2023 25/08/2023 Main
    Dewey Decimal Classification     Main TEST RTC Library RTC Library Main opac 25/08/2023 177898 070.1 SIE c.4 30018947 25/08/2023 25/08/2023 Main
Royal Thimphu College || All Right Reserved